| 000 | 00000nam##2200000za#4500 |
| 001 | 9.588029 |
| 003 | CaOODSP |
| 005 | 20210624194925 |
| 007 | cr ||||||||||| |
| 008 | 150406|2007||||xxc|||||o f|0| 0 eng|d |
| 022 | |a1701-1280 |
| 040 | |aCaOODSP|beng |
| 041 | |aeng |
| 041 | |afre |
| 043 | |an-cn--- |
| 086 | 1 |aFs70-4/2006-049-PDF |
| 110 | 1 |aCanada. |bDepartment of Fisheries and Oceans. |
| 245 | 10|aProceedings of the national workshop on risk assessment methods for aquatic invasive species : |h[electronic resource]|bJune 21-23, 2006, Burlington ON / |cN.E. Mandrak, chairperson ; P.M. Chapman and B. Cudmore, editors. |
| 260 | |aOttawa - Ontario : |bFisheries and Oceans Canada |cJune 2007. |
| 300 | |a41p.|bcoloured figs., references, table |
| 490 | 1 |aCanadian Science Advisory Secretariat proceedings series|x1701-1280|v2006/049 |
| 590 | |a11-31-Supp|b2011-12-13 |
| 720 | 1 |aMandrak, N. E. |
| 720 | 1 |aCudmore, B. |
| 720 | 1 |aChapman, P.M. |
| 792 | |tCompte rendu de l'atelier national sur les méthodes d'évaluation du risque posé par les espèces aquatiques envahissantes : |efre|w(CaOODSP)9.588030 |
| 830 | #0|aProceedings series (Canadian Science Advisory Secretariat)|x1701-1280|v2006/049|w(CaOODSP)9.500507 |
| 856 | 40|ahttp://publications.gc.ca|qPDF|s204 KB|uhttps://publications.gc.ca/collections/collection_2011/mpo-dfo/Fs70-4-2006-049.pdf|y2006/049 |